Gli allegri ragazzi di Atzavara /

সংরক্ষণ করুন:
গ্রন্থ-পঞ্জীর বিবরন
প্রধান লেখক: Vázquez Montalbán, Manuel (লেখক)
অন্যান্য লেখক: Lyria, Hado
বিন্যাস: গ্রন্থ
ভাষা:ইতালিয়
প্রকাশিত: \Milano! : Frassinelli, 1999
মালা:Tascabili ; 30
ট্যাগগুলো: ট্যাগ যুক্ত করুন
কোনো ট্যাগ নেই, প্রথমজন হিসাবে ট্যাগ করুন!

MARC

LEADER 00000nam a2200000 i 4500
001 IT\ICCU\TO0\0775021
003 ItRI
005 20250224220654.0
008 991109s1999 it |||||| ||||| |||||c
015 |2 IT  |a 2000-8203 
020 |a 8876845607 
040 |b ita  |c ARCIGAY RIMINI 
041 7 |a ita  |2 ISO-639-2 
082 |a 863.64  |2 21 
100 1 |a Vázquez Montalbán, Manuel  |0 IT\ICCU\CFIV\015583  |4 aut 
240 1 4 |a Los alegres muchachos de Atzavara.  |9 Vázquez Montalbán, Manuel 
245 1 4 |a Gli allegri ragazzi di Atzavara /  |c Manuel Vázquez Montalbán ; traduzione e postfazione di Hado Lyria. 
260 |a \Milano! :  |b Frassinelli,  |c 1999 
300 |a 283 p. ;  |c 20 cm. 
700 1 |a Lyria, Hado  |0 IT\ICCU\CFIV\005604 
830 0 |a Tascabili ;  |v 30  |0 IT\ICCU\UM1\0025179 
942 |2 ddc  |c BK 
952 |0 0  |1 0  |2 ddc  |4 0  |6 863_640000000000000_VAZ_ALL  |7 1  |9 3426  |a RN  |b RN  |d 2025-02-24  |l 0  |o 863.64 VAZ ALL  |p 10685  |r 2025-02-24 22:07:30  |w 2025-02-24  |x DONAZIONE DI GIOVANNI RIMONDINI  |y BK  |z DONAZIONE DI GIOVANNI RIMONDINI 
981 1 |6 z01  |a i   |b xxxe  
982 1 |6 z01  |a n 
999 |c 2716  |d 2716